00382nam a2200109Ia 4500008004100000020001800041100003200059245003500091260007800126500005100204999001700255130216s9999 xx 000 0 und d a0-88312-611-71 a"Blench R.M., Crozier D.H."10aAn Index of Nigerian Languages bSummer Institute of Linguisticsa[Place of publication not identified] :  aThis book is of An Index of Nigerian Languages c64073d64047